| 000 | 00546nam a2200169Ia 4500 | ||
|---|---|---|---|
| 008 | 231217s9999 xx 000 0 und d | ||
| 020 | _a8178812118 | ||
| 041 | _aEnglish | ||
| 082 | _a657 SEE.10;1 R | ||
| 100 | _aSeethapathi, K. Padmavathi, C. Srinivas, N ed. | ||
| 245 | 0 | _aAccounting standards V.10 : long term debt, accounting for derivatives | |
| 260 |
_c2002 _bIcfai _aHyderabad |
||
| 300 | _avii, 205+A10 | ||
| 400 | _aAccounting series | ||
| 650 | _aAccounting,standards,V.10,long,term,debt,,accounting,derivatives | ||
| 942 | _cAA | ||
| 999 |
_c186891 _d186891 |
||